| 000 | 00994nam a2200289 i 4500 | ||
|---|---|---|---|
| 001 | 000025595 | ||
| 003 | DO-SdBNP | ||
| 005 | 20241204102824.0 | ||
| 007 | ta | ||
| 008 | 110218s1944 dr ac 000 0 spa d | ||
| 040 |
_aDO-SdBNP _bspa _cBNPHU _erda |
||
| 082 |
_a724.97293 _bP592r, 1944 _222 |
||
| 100 | 1 |
_aPichardo, Bernardo _d1877-1924 _eautor _926162 |
|
| 245 | 1 | 0 |
_aReliquias históricas de la Española / _cBernardo Pichardo. |
| 250 | _a2a edición | ||
| 264 |
_aSantiago, República Dominicana : _bEl Diario, _c1944. |
||
| 300 |
_a145 páginas : _bilustraciones ; _c23 cm. |
||
| 336 |
_ardacontent _btexto _2txt |
||
| 337 |
_ardamedia _bsin mediación _2n |
||
| 338 |
_ardacarrier _bvolumen _2nc |
||
| 504 | _aIncluye referencias bibliográficas y notas al pie de las páginas | ||
| 590 | _aInventariado,2024/DG | ||
| 650 | 4 |
_aMonumentos históricos _zRepública Dominicana _926163 |
|
| 650 | 0 |
_aEdificios históricos _zRepública Dominicana _926164 |
|
| 910 | _aDG | ||
| 942 |
_2ddc _cLBS1 |
||
| 999 |
_c25087 _d25087 |
||